000 01207nam1a2200289 4500
001 RU\NLR\BIBL_A\012110631
005 20191008161348.0
035 _a(NLR Aleph) 012110631
090 _a11938593
_c11938593
100 _a20060620g19049999um y0rusy50 ca
101 0 _arus
102 _aRU
105 _a||||j||||||||
200 1 _aСлово и слог
_eучебное руководство к постепенному изучению русского языка для школ с инородческим элементом
_e[из трех выпусков]
_fИ.С. Штейнгауер
205 _aИзд 4-е, доп.
210 _aС.-Петербург
_cН.П. Карбасников
_d1904
215 _d26
300 _aНа обл.: Изд. 4-е, испр. и доп.
606 1 _aРусский язык
_jУчебные издания для национальной школы
_2nlr_sh2
_3RU\NLR\AUTH\66969347
686 3 _aШ141.12-932
700 1 _aШтейнгауер
_bИ. С.
_gИнох Семенович
852 _aNLR
_j38.7.3.42
852 _aNLR
_j127/1552
942 _cBOOK
980 _aNB